00499cam a2200217 i 45000010008000000030009000080050017000170070008000340080040000420150006000820170009000880200015000970350006001120400025001180800006001431000021001492450044001702500012002142600035002263000020002610000439DO-SdBNP20160623144033.00000439100514s1984 xxu | |||| 000 f spa  a  a b  a0380871556 a  aBPMSUbspacBPMSUe  a 1 aLindsey, Johanna10aA gentle feuding /h cJohanna Lindsey  a3a. ed. aNew York :bAvon books,c1984. a329 p.: c18 cm